Report on conditions of work and promotion of livelihoods in the unorganised sector. (Record no. 605761)
[ view plain ]
| 000 -LEADER | |
|---|---|
| fixed length control field | 00615nam a2200205Ia 4500 |
| 003 - CONTROL NUMBER IDENTIFIER | |
| control field | OSt |
| 005 - DATE AND TIME OF LATEST TRANSACTION | |
| control field | 20220926002647.0 |
| 008 - FIXED-LENGTH DATA ELEMENTS--GENERAL INFORMATION | |
| fixed length control field | 220923b |||||||| |||| 00| 0 eng d |
| 037 ## - SOURCE OF ACQUISITION | |
| Terms of availability | General Book |
| 040 ## - CATALOGING SOURCE | |
| Original cataloging agency | RTL |
| Transcribing agency | RTL |
| Language of cataloging | eng |
| 041 ## - LANGUAGE CODE | |
| Source of code | eng |
| Language code of text/sound track or separate title | eng |
| 245 #0 - TITLE STATEMENT | |
| Title | Report on conditions of work and promotion of livelihoods in the unorganised sector. |
| 260 ## - PUBLICATION, DISTRIBUTION, ETC. | |
| Place of publication, distribution, etc. | New Delhi |
| Name of publisher, distributor, etc. | NCEUS |
| Date of publication, distribution, etc. | 2007 |
| 300 ## - PHYSICAL DESCRIPTION | |
| Extent | xiv,376p. |
| Dimensions | cm. |
| 942 ## - ADDED ENTRY ELEMENTS (KOHA) | |
| Classification part | X(Y38):89ZB.2.P07, P7/GD |
| Koha item type | General Books |
| Source of classification or shelving scheme | Colon Classification (CC) |
| Withdrawn status | Lost status | Damaged status | Not for loan | Home library | Current library | Date acquired | Total Checkouts | Full call number | Barcode | Date last seen | Price effective from | Koha item type |
|---|---|---|---|---|---|---|---|---|---|---|---|---|
| Ratan Tata Library | Ratan Tata Library | 2022-09-26 | X(Y38):89ZB.2.P07 P7/GD | RT1330037 | 2022-09-26 | 2022-09-26 | General Books |
